000
00304nam a2200121Ia 4500
005
20251222144751.0
008
251222s9999||||xx |||||||||||||| ||spa||
082
_a
321.4/C85
100
_a
Cotler, Julio
245
0
_a
Para afirmar la Democracia
264
_b
Instituto de Estudios Peruanos
942
_c
LIB
999
_c
19346
_d
19346